000 00766nas a2200253 4500
001 BR9511431
003 BR-BrBNA
005 20231205094604.0
007 ta
008 230509b bl.|||p| |||| 00| 00por d
040 _aBR-BrBNA
_bpor
_cBiblioteca Nacional de Agricultura
041 _a(Pt)
072 _aF07
100 1 _aBezerra, J.E.F.B.
100 1 _aLiderman, I.E.
100 1 _aCavalcanti, U.M.T.
100 1 _aReis, O.V. dos
245 1 _aCobertura do solo no cultivo do abacaxizeiro cv. Smooth Cayenne
650 _aAbacaxi
650 _aCobertura do Solo
773 0 _tPesquisa Agropecuaria Pernambucana (Brazil)
_xISSN 0100-8501
_g(Jan-Dec 1981), v. 5 p. 145-153
_wBR9511431
909 _a202311
_bLúcia
_c55
_dLúcia Elande
942 _2AGRIS
_n0
_cANA
999 _c145473
_d145473